| 000 | 00347 a2200133 4500 | ||
|---|---|---|---|
| 000 | nam a22 7a 4500 | ||
| 100 | _a O.V. Gnana Swathika | ||
| 110 | _a O.V. Gnana Swathika | ||
| 245 | _aNext-Generation Cyber-Physical Microgrid Systems | ||
| 250 | _alatest edition | ||
| 260 |
_b Elsevier _c2024 |
||
| 264 |
_b Elsevier _c2024 |
||
| 942 | _cBK | ||
| 999 |
_c397088 _d397088 |
||